| 000 | 00000nam 2200000za 4500 |
| 001 | 9.840659 |
| 003 | CaOODSP |
| 005 | 20240308102416 |
| 007 | cr ||||||||||| |
| 008 | 170728q2017 onc |o f|0| 0 fre d |
| 040 | |aCaOODSP|bfre |
| 043 | |an-cn--- |
| 086 | 1 |aTN4-2/2017F-PDF |
| 245 | 03|aLe projet de voies dédiées en chiffres |h[ressource électronique] : |bToronto-Ottawa-Montréal-Québec. |
| 260 | |a[Ottawa : |bVIA Rail, |c2017]. |
| 300 | |a[1] p. |
| 500 | |aPubl. aussi en anglais sous le titre : The dedicated tracks project at a glance: Toronto-Ottawa-Montréal-Québec. |
| 500 | |aTitre de départ. |
| 692 | 07|2gccst|aRéseau ferroviaire |
| 710 | 2 |aVIA Rail Canada. |
| 775 | 08|tThe dedicated tracks project at a glance |w(CaOODSP)9.840658 |
| 856 | 40|qPDF|s122 Ko|uhttps://publications.gc.ca/collections/collection_2017/viarail/TN4-2-2017-fra.pdf |